000
00419nam a2200145Ia 4500
008
100122s9999 xx 000 0 und d
082
_b
6733
_a
823.08
100
_a
जोशी रा भि
245
_a
काचेचे कवच
260
_b
अभिनव प्रक ाशन
_c
1949
300
_a
124
630
_a
काचेचे कवच
730
_a
काचेचे कवच
942
_c
BOOK
999
_c
399683
_d
399680